[Event "30th Klatovy B 2024"]
[Site "Klatovy CZE"]
[Date "2024.07.01"]
[Round "3.16"]
[White "Stegner, Mathias 2007"]
[Black "Lener, Jaroslav 1975"]
[Result "0-1"]
[WhiteElo "1566"]
[BlackElo "1870"]
[PlyCount "52"]
[EventDate "2024.06.29"]
[EventType "swiss"]
[EventRounds "9"]
[EventCountry "CZE"]

1. d4 Nf6 2. g3 e6 3. Bg5 Be7 4. Bg2 h6 5. Bxf6 Bxf6 6. Nf3 c5 7. c3 Qb6 8. Qc2 cxd4 9. Nxd4 Nc6 10. Nxc6 bxc6 11. Nd2 d5 12. O-O Ba6 13. Rfe1 O-O 14. Rab1 Rab8 15. e3 Rb7 16. Bf1 Bxf1 17. Kxf1 Qa6+ 18. Kg1 Qxa2 19. e4 Rfb8 20. e5 Rxb2 21. exf6 Rxc2 22. Rxb8+ Kh7 23. Nf1 Rxf2 24. fxg7 Kxg7 25. Rb7 Rg2+ 26. Kh1 Qf2 0-1

[Event "30th Klatovy B 2024"]
[Site "Klatovy CZE"]
[Date "2024.07.01"]
[Round "3.17"]
[White "Pozar, Pavel"]
[Black "Sova, Zdenek"]
[Result "0-1"]
[WhiteElo "1553"]
[BlackElo "1822"]
[PlyCount "76"]
[EventDate "2024.06.29"]
[EventType "swiss"]
[EventRounds "9"]
[EventCountry "CZE"]

1. e4 c5 2. Bc4 e6 3. c3 Nc6 4. Nf3 d5 5. Bb5 Bd7 6. exd5 exd5 7. Bxc6 Bxc6 8. d4 c4 9. Qe2+ Qe7 10. Qxe7+ Bxe7 11. Ne5 Rc8 12. a4 Nf6 13. Bg5 O-O 14. b4 cxb3 15. Nd2 b2 16. Ra2 Be8 17. Rxb2 Rxc3 18. O-O b6 19. Ra1 h6 20. Bxf6 Bxf6 21. a5 b5 22. Nb3 a6 23. Nc5 Bxe5 24. Nxa6 Bxd4 25. Rd1 Rc4 26. Rb4 Bc3 27. Rxc4 dxc4 28. Nc7 Bxa5 29. Nxe8 Rxe8 30. g3 Re1+ 31. Rxe1 Bxe1 32. Kf1 Bc3 33. Ke2 Bf6 34. Kd2 b4 35. Kc2 b3+ 36. Kb1 c3 37. Kc1 c2 38. Kd2 Bb2 0-1

[Event "30th Klatovy B 2024"]
[Site "Klatovy CZE"]
[Date "2024.07.01"]
[Round "3.18"]
[White "Marko, Ondrej 1960"]
[Black "Velkoborsky, Tadeas"]
[Result "1-0"]
[WhiteElo "1786"]
[BlackElo "1578"]
[PlyCount "55"]
[EventDate "2024.06.29"]
[EventType "swiss"]
[EventRounds "9"]
[EventCountry "CZE"]

1. d4 d5 2. Nf3 e6 3. e3 Nf6 4. Bd3 c5 5. c3 Nc6 6. Nbd2 Bd6 7. O-O O-O 8. dxc5 Bxc5 9. b4 Bb6 10. Bb2 e5 11. e4 Bg4 12. b5 Ne7 13. Qc2 Ng6 14. exd5 Qxd5 15. c4 Qc5 16. Bxg6 fxg6 17. Bxe5 Rad8 18. Bxf6 Rxf6 19. Ne4 Bf5 20. Nxf6+ gxf6 21. Qb2 Qxc4 22. Rac1 Qg4 23. Qxf6 Be4 24. h3 Qd7 25. Ne5 Qd5 26. Rfd1 Bd4 27. Rxd4 Qxd4 28. Rc7 1-0

[Event "30th Klatovy B 2024"]
[Site "Klatovy CZE"]
[Date "2024.07.01"]
[Round "3.19"]
[White "Zbanek, Jan"]
[Black "Bubela, Alexander Georg"]
[Result "1/2-1/2"]
[WhiteElo "1775"]
[BlackElo "1549"]
[PlyCount "47"]
[EventDate "2024.06.29"]
[EventType "swiss"]
[EventRounds "9"]
[EventCountry "CZE"]

1. e4 e6 2. b3 d5 3. Bb2 Nf6 4. exd5 exd5 5. Qe2+ Be6 6. Nf3 Bd6 7. Ng5 O-O 8. Nxe6 fxe6 9. Qxe6+ Kh8 10. Bxf6 Qxf6 11. Qxf6 Rxf6 12. Be2 Nd7 13. O-O Re8 14. Bf3 c6 15. d4 Nb6 16. Nd2 Bb4 17. Rfd1 Bc3 18. Rac1 Bb2 19. Rb1 Bxd4 20. c4 Rf5 21. cxd5 Nxd5 22. Ne4 Be5 23. Re1 Rff8 24. Rbc1 1/2-1/2

[Event "30th Klatovy B 2024"]
[Site "Klatovy CZE"]
[Date "2024.07.01"]
[Round "3.20"]
[White "Studnicka, Ondrej"]
[Black "Strihavka, Petr"]
[Result "0-1"]
[WhiteElo "1748"]
[BlackElo "1518"]
[PlyCount "52"]
[EventDate "2024.06.29"]
[EventType "swiss"]
[EventRounds "9"]
[EventCountry "CZE"]

1. e4 e5 2. Nf3 Nc6 3. Bc4 Nf6 4. d3 Be7 5. O-O O-O 6. c3 d5 7. exd5 Nxd5 8. h3 Na5 9. Nxe5 Bf6 10. Bxd5 Qxd5 11. Nf3 Bf5 12. d4 Bxb1 13. Rxb1 Qxa2 14. Bf4 Qc4 15. Re1 Rfe8 16. Qc2 c5 17. dxc5 Qxf4 18. b4 Nc4 19. Qa4 Re4 20. Rxe4 Qxe4 21. Re1 Qc6 22. b5 Qxc5 23. b6 Nxb6 24. Re8+ Rxe8 25. Qxe8+ Qf8 26. Qb5 Bxc3 0-1

[Event "30th Klatovy B 2024"]
[Site "Klatovy CZE"]
[Date "2024.07.01"]
[Round "3.21"]
[White "Vavrousek, Petr"]
[Black "Koutecky, Vaclav 2014"]
[Result "1-0"]
[WhiteElo "1710"]
[BlackElo "1514"]
[PlyCount "61"]
[EventDate "2024.06.29"]
[EventType "swiss"]
[EventRounds "9"]
[EventCountry "CZE"]

1. e4 e5 2. Nf3 Nc6 3. Bb5 Bc5 4. O-O d6 5. c3 Nf6 6. d4 exd4 7. cxd4 Bb6 8. d5 Bd7 9. dxc6 bxc6 10. Bd3 d5 11. exd5 cxd5 12. Re1+ Be6 13. Ng5 Qd6 14. Nxe6 fxe6 15. Qe2 O-O 16. Qxe6+ Qxe6 17. Rxe6 Rfe8 18. Re2 Rxe2 19. Bxe2 Re8 20. Kf1 h5 21. Nd2 Ng4 22. Bxg4 hxg4 23. f3 gxf3 24. Nxf3 Rf8 25. Ke2 Re8+ 26. Kd3 c5 27. b3 Rc8 28. Ne5 Re8 29. Bf4 g5 30. Bg3 Bc7 31. Re1 1-0

[Event "30th Klatovy B 2024"]
[Site "Klatovy CZE"]
[Date "2024.07.01"]
[Round "3.22"]
[White "Vo, Daniel"]
[Black "Chmelova, Klara"]
[Result "1-0"]
[WhiteElo "1705"]
[BlackElo "1457"]
[PlyCount "47"]
[EventDate "2024.06.29"]
[EventType "swiss"]
[EventRounds "9"]
[EventCountry "CZE"]

1. e4 e5 2. Nf3 Nc6 3. d4 exd4 4. Bc4 Bc5 5. c3 dxc3 6. Bxf7+ Kxf7 7. Qd5+ Ke8 8. Qh5+ Kf8 9. Qxc5+ Nge7 10. Nxc3 d6 11. Qe3 Ng6 12. O-O Kf7 13. Ng5+ Ke8 14. f4 Rf8 15. Nd5 Kd7 16. f5 Nge7 17. Ne6 Qe8 18. Ndxc7 Qf7 19. Nxa8 Re8 20. Nc5+ Kd8 21. Rd1 Bd7 22. Nxb7+ Kc8 23. Nxd6+ Kb8 24. Nxf7 1-0

[Event "30th Klatovy B 2024"]
[Site "Klatovy CZE"]
[Date "2024.07.01"]
[Round "3.23"]
[White "Abraham, Darien"]
[Black "Martinek, Lukas"]
[Result "0-1"]
[WhiteElo "1512"]
[BlackElo "1698"]
[PlyCount "28"]
[EventDate "2024.06.29"]
[EventType "swiss"]
[EventRounds "9"]
[EventCountry "CZE"]

1. e4 e5 2. Nf3 Nc6 3. Bc4 Bc5 4. d3 d6 5. O-O Bg4 6. Nc3 Nd4 7. Nd5 c6 8. Nc3 Nxf3+ 9. gxf3 Bh3 10. Re1 Qf6 11. Kh1 b5 12. Bb3 b4 13. Na4 Bxf2 14. Re2 Qxf3# 0-1

[Event "30th Klatovy B 2024"]
[Site "Klatovy CZE"]
[Date "2024.07.01"]
[Round "3.24"]
[White "Kusova, Nikola 2012"]
[Black "Koukola, Stepan"]
[Result "1-0"]
[WhiteElo "1696"]
[BlackElo "1470"]
[PlyCount "43"]
[EventDate "2024.06.29"]
[EventType "swiss"]
[EventRounds "9"]
[EventCountry "CZE"]

1. e4 e6 2. d4 d5 3. Nc3 dxe4 4. Nxe4 Bd7 5. Nf3 Bc6 6. Bd3 Nd7 7. O-O Ngf6 8. Re1 Be7 9. c3 O-O 10. Qc2 Nxe4 11. Bxe4 Bxe4 12. Qxe4 Qc8 13. Bg5 Re8 14. Bxe7 Rxe7 15. Rad1 Nf6 16. Qe2 c5 17. d5 Ne8 18. Qd3 f6 19. d6 Rf7 20. d7 Qd8 21. dxe8=Q+ Qxe8 22. Qd6 1-0

[Event "30th Klatovy B 2024"]
[Site "Klatovy CZE"]
[Date "2024.07.01"]
[Round "3.25"]
[White "Deverova, Tereza 1992"]
[Black "Mlynek, Jakub"]
[Result "0-1"]
[WhiteElo "1489"]
[BlackElo "1694"]
[PlyCount "64"]
[EventDate "2024.06.29"]
[EventType "swiss"]
[EventRounds "9"]
[EventCountry "CZE"]

1. d4 d5 2. Nf3 Nf6 3. Bf4 c5 4. e3 Nc6 5. c3 Qb6 6. b3 Bf5 7. Nbd2 e6 8. Nh4 Bg6 9. Nxg6 hxg6 10. h3 Be7 11. Bd3 cxd4 12. exd4 O-O 13. O-O Rfc8 14. Nf3 Nh5 15. Bh2 Qa5 16. Qd2 Nf6 17. Rfe1 g5 18. g4 Ne8 19. Bc2 Nd8 20. Qd3 Nf6 21. c4 Nc6 22. a3 Ne4 23. Rxe4 dxe4 24. Qxe4 g6 25. Ne5 Qc3 26. Nxg6 Qxa1+ 27. Bb1 Bf6 28. Bd6 Qxd4 29. Ne7+ Nxe7 30. Qh7+ Kf8 31. Bxe7+ Kxe7 32. Bg6 Bg7 0-1

[Event "30th Klatovy B 2024"]
[Site "Klatovy CZE"]
[Date "2024.07.01"]
[Round "3.26"]
[White "Stanke, Petr"]
[Black "Tereshonkov, Stanislav"]
[Result "1-0"]
[WhiteElo "1683"]
[BlackElo "1413"]
[PlyCount "35"]
[EventDate "2024.06.29"]
[EventType "swiss"]
[EventRounds "9"]
[EventCountry "CZE"]

1. d4 d5 2. c4 e6 3. Nf3 c5 4. cxd5 Qxd5 5. Nc3 Qd8 6. e3 Nf6 7. Be2 cxd4 8. Qxd4 Qxd4 9. Nxd4 Bd6 10. Ndb5 Ke7 11. Nxd6 Kxd6 12. b3 Nc6 13. Ba3+ Kd7 14. O-O Rd8 15. Rfd1+ Ke8 16. Nb5 Rxd1+ 17. Rxd1 Nd5 18. e4 1-0

[Event "30th Klatovy B 2024"]
[Site "Klatovy CZE"]
[Date "2024.07.01"]
[Round "3.27"]
[White "Stepnicka, Filip"]
[Black "Vrzal, Vaclav"]
[Result "1-0"]
[WhiteElo "1434"]
[BlackElo "1682"]
[PlyCount "65"]
[EventDate "2024.06.29"]
[EventType "swiss"]
[EventRounds "9"]
[EventCountry "CZE"]

1. e4 c6 2. d4 d5 3. exd5 cxd5 4. c4 Nf6 5. Nc3 Be6 6. Qb3 b6 7. Nf3 g6 8. Bg5 dxc4 9. Bxc4 Bxc4 10. Qxc4 Bg7 11. O-O O-O 12. Rfe1 e6 13. Rad1 Nbd7 14. Ne5 Rc8 15. Qe2 Qc7 16. Bf4 Nh5 17. Bd2 Nhf6 18. Bf4 Nxe5 19. dxe5 Nd7 20. Nb5 Qd8 21. Nxa7 Rc5 22. b4 Rd5 23. Nc6 Qe8 24. Rxd5 exd5 25. e6 fxe6 26. Bd6 Rf6 27. Be7 Rf7 28. Qxe6 Kh8 29. Ne5 Bxe5 30. Rxe5 Nxe5 31. Bf6+ Rxf6 32. Qxe8+ Kg7 33. Qxe5 1-0

[Event "30th Klatovy B 2024"]
[Site "Klatovy CZE"]
[Date "2024.07.01"]
[Round "3.32"]
[White "Skalicky, Jindrich"]
[Black "Pucholt, Martin"]
[Result "0-1"]
[WhiteElo "1476"]
[BlackElo "1752"]
[PlyCount "88"]
[EventDate "2024.06.29"]
[EventType "swiss"]
[EventRounds "9"]
[EventCountry "CZE"]

1. e4 c5 2. Nf3 d6 3. d4 cxd4 4. Nxd4 Nf6 5. Nc3 a6 6. f3 e5 7. Nde2 h5 8. Be3 Be6 9. Qd2 Nbd7 10. O-O-O Qa5 11. Kb1 Rc8 12. Nd5 Qxd2 13. Nxf6+ Nxf6 14. Rxd2 Be7 15. Ng3 g6 16. Bd3 h4 17. Ne2 h3 18. g3 d5 19. Bf2 dxe4 20. Bxe4 Nxe4 21. fxe4 Bg4 22. Nc1 O-O 23. Rd3 Rfd8 24. Bb6 Rd6 25. Rxd6 Bxd6 26. Rf1 Rc4 27. Re1 Bf3 28. Nb3 Rxe4 29. Rxe4 Bxe4 30. Nd2 Bg2 31. Nc4 Bb8 32. Kc1 f5 33. Kd2 f4 34. gxf4 exf4 35. Bg1 Bc7 36. Ke1 g5 37. b3 g4 38. a4 Be4 39. c3 Kh7 40. Nd2 Bg2 41. Nc4 Kh6 42. a5 Bd5 43. Bb6 Bxb6 44. axb6 g3 0-1

[Event "30th Klatovy B 2024"]
[Site "Klatovy CZE"]
[Date "2024.07.01"]
[Round "3.33"]
[White "Vanousek, Zdenek"]
[Black "Strazhnyk, Viktoriia"]
[Result "1-0"]
[WhiteElo "1406"]
[BlackElo "1609"]
[PlyCount "77"]
[EventDate "2024.06.29"]
[EventType "swiss"]
[EventRounds "9"]
[EventCountry "CZE"]

1. e4 e6 2. d4 d5 3. exd5 exd5 4. Nc3 Nf6 5. Nf3 c5 6. Be2 Nc6 7. O-O Be7 8. Be3 O-O 9. dxc5 Bg4 10. Nb5 a6 11. Nbd4 Nxd4 12. Bxd4 Rc8 13. b4 a5 14. c3 Ne4 15. Rc1 Rc6 16. Ne5 Bxe2 17. Nxc6 Bxd1 18. Nxd8 Be2 19. Rfe1 Ba6 20. f3 Bg5 21. Be3 Bxe3+ 22. Rxe3 Nf6 23. b5 Rxd8 24. bxa6 bxa6 25. Rce1 h6 26. c6 Rc8 27. Rb1 Rxc6 28. Rb8+ Kh7 29. Ra8 Nh5 30. Ra7 Rf6 31. Ree7 Kg6 32. Red7 Nf4 33. g3 Ne2+ 34. Kg2 Nxc3 35. Rac7 Nb5 36. Rc5 Nd4 37. f4 Re6 38. Rdxd5 Nc6 39. f5+ 1-0

[Event "30th Klatovy B 2024"]
[Site "Klatovy CZE"]
[Date "2024.07.01"]
[Round "3.34"]
[White "Tykalova, Barbora 2015"]
[Black "Dobsinsky, Petr"]
[Result "1/2-1/2"]
[WhiteElo "1594"]
[BlackElo "1504"]
[PlyCount "74"]
[EventDate "2024.06.29"]
[EventType "swiss"]
[EventRounds "9"]
[EventCountry "CZE"]

1. e4 d6 2. d4 Nf6 3. Nc3 Nbd7 4. f4 e5 5. Nf3 exd4 6. Qxd4 Qe7 7. Bd2 Nc5 8. e5 dxe5 9. Nxe5 Ne6 10. Qc4 Qc5 11. O-O-O Qxc4 12. Bxc4 Bd6 13. Nb5 O-O 14. Nxd6 cxd6 15. Nf3 Ng4 16. Bxe6 Bxe6 17. Be1 Nf6 18. Rxd6 Rfc8 19. Ng5 Bxa2 20. Bc3 Ne8 21. Rd7 h6 22. Ne4 Rc4 23. Nd2 Rc5 24. Rxb7 Bd5 25. Rd7 Bxg2 26. Rg1 Bc6 27. Rd3 f6 28. Rdg3 Kf7 29. Nb3 Rf5 30. Nd4 Rc5 31. f5 Be4 32. Bb4 Rd5 33. Ne6 Rxf5 34. Nxg7 Rg5 35. Nxe8 Rxe8 36. Bd2 Rxg3 37. Rxg3 h5 1/2-1/2

[Event "30th Klatovy B 2024"]
[Site "Klatovy CZE"]
[Date "2024.07.03"]
[Round "5.8"]
[White "Vavrousek, Petr"]
[Black "Rudlof, Jan 2006"]
[Result "0-1"]
[WhiteElo "1710"]
[BlackElo "1599"]
[PlyCount "52"]
[EventDate "2024.06.29"]
[EventType "swiss"]
[EventRounds "9"]
[EventCountry "CZE"]

1. e4 {[%emt 0:01:37]} e5 {[%emt 0:00:04]} 2. Nf3 {[%emt 0:00:13]} Nc6 {[%emt 0:00:20]} 3. Bb5 {[%emt 0:00:11]} d6 {[%emt 0:00:14]} 4. O-O {[%emt 0:00:49]} Nf6 {[%emt 0:00:20]} 5. Re1 {[%emt 0:01:11]} Be7 {[%emt 0:02:54]} 6. c3 {[%emt 0:00:10]} O-O {[%emt 0:00:40]} 7. d4 {[%emt 0:01:41]} exd4 {[%emt 0:02:21]} 8. cxd4 {[%emt 0:04:07]} d5 {[%emt 0:07:28]} 9. e5 {[%emt 0:04:55]} Ne4 {[%emt 0:01:16]} 10. h3 {[%emt 0:10:57]} Bb4 {[%emt 0:12:01]} 11. Re3 {[%emt 0:04:40]} Bf5 {[%emt 0:09:56]} 12. Nc3 {[%emt 0:03:58]} a6 {[%emt 0:05:57]} 13. Ba4 {[%emt 0:00:40]} Ne7 {[%emt 0:07:44]} 14. Bc2 {[%emt 0:09:29]} Bxc3 {[%emt 0:03:01]} 15. bxc3 {[%emt 0:00:26]} Ng6 {[%emt 0:05:10]} 16. g4 {[%emt 0:16:33]} Be6 {[%emt 0:00:17]} 17. Bxe4 {[%emt 0:00:24]} dxe4 {[%emt 0:01:24]} 18. Rxe4 {[%emt 0:06:38]} Qd5 {[%emt 0:06:50]} 19. Qe2 {[%emt 0:09:00]} f6 {[%emt 0:06:27]} 20. exf6 {[%emt 0:14:30]} Rxf6 {[%emt 0:00:02]} 21. Bg5 {[%emt 0:08:24]} Rxf3 {[%emt 0:00:55]} 22. Qxf3 {[%emt 0:04:00]} h6 {[%emt 0:02:16]} 23. Bd2 {[%emt 0:00:24]} Nh4 {[%emt 0:04:14]} 24. Qg3 {[%emt 0:11:29]} Qxe4 {[%emt 0:00:14]} 25. Qxh4 {[%emt 0:00:29]} Bd5 {[%emt 0:00:41]} 26. Kf1 {[%emt 0:01:11]} Qh1+ {[%emt 0:01:06]} 0-1

[Event "30th Klatovy B 2024"]
[Site "Klatovy CZE"]
[Date "2024.07.03"]
[Round "5.15"]
[White "Devera, Filip"]
[Black "Spackova, Martina 1992"]
[Result "0-1"]
[WhiteElo "1641"]
[BlackElo "1777"]
[PlyCount "34"]
[EventDate "2024.06.29"]
[EventType "swiss"]
[EventRounds "9"]
[EventCountry "CZE"]

1. e4 e5 2. Nf3 Nc6 3. Bc4 Nf6 4. d4 exd4 5. O-O Bc5 6. e5 d5 7. Bb5 Ne4 8. Nxd4 Bd7 9. Nxc6 bxc6 10. Bd3 Qh4 11. Bxe4 Qxe4 12. Nc3 Qg6 13. Qf3 Qxc2 14. Rd1 O-O 15. Rd2 Qf5 16. Nxd5 cxd5 17. Rxd5 Bb6 0-1

[Event "30th Klatovy B 2024"]
[Site "Klatovy CZE"]
[Date "2024.07.03"]
[Round "5.16"]
[White "Lickova, Anna"]
[Black "Bubela, Alexander Georg"]
[Result "1/2-1/2"]
[WhiteElo "1725"]
[BlackElo "1549"]
[PlyCount "94"]
[EventDate "2024.06.29"]
[EventType "swiss"]
[EventRounds "9"]
[EventCountry "CZE"]

1. e4 e6 2. d4 d5 3. Bd3 dxe4 4. Bxe4 Nf6 5. Bf3 Be7 6. Nc3 O-O 7. Nge2 c5 8. O-O Nc6 9. d5 Ne5 10. Nf4 Nxf3+ 11. Qxf3 e5 12. Nd3 Bd6 13. Bg5 h6 14. Bxf6 Qxf6 15. Qxf6 gxf6 16. Ne4 Rd8 17. Nxf6+ Kg7 18. Ne4 Bf5 19. Rae1 c4 20. Nxd6 Rxd6 21. Nxe5 Rxd5 22. Nxc4 Bxc2 23. Rc1 Bd3 24. Rfe1 Bxc4 25. Rxc4 Rd2 26. Rb4 b6 27. h3 Rc8 28. a4 Rcc2 29. b3 Rxf2 30. Rg4+ Kf8 31. Rf1 Rxf1+ 32. Kxf1 Rb2 33. b4 Ra2 34. b5 Ke7 35. Rh4 Kd7 36. g3 Ke7 37. Ke1 Kd7 38. Kd1 Ra3 39. Rg4 h5 40. Rd4+ Kc7 41. Rf4 Rxg3 42. Rxf7+ Kd6 43. Rxa7 Rxh3 44. a5 Kc5 45. axb6 Kxb6 46. Rh7 Kxb5 47. Ke2 Kc5 1/2-1/2

[Event "30th Klatovy B 2024"]
[Site "Klatovy CZE"]
[Date "2024.07.03"]
[Round "5.17"]
[White "Vratny, Vojtech"]
[Black "Vavrinkova, Jitka"]
[Result "1-0"]
[WhiteElo "1564"]
[BlackElo "1707"]
[PlyCount "77"]
[EventDate "2024.06.29"]
[EventType "swiss"]
[EventRounds "9"]
[EventCountry "CZE"]

1. Nf3 e6 2. g3 d5 3. Bg2 Nf6 4. O-O Bd6 5. d3 O-O 6. Nbd2 c6 7. Re1 Re8 8. e4 e5 9. Nf1 d4 10. N3d2 Bg4 11. f3 Bh5 12. Nc4 Bc7 13. g4 Bg6 14. Ng3 Nbd7 15. Bg5 h6 16. Bh4 b5 17. Nd2 Rb8 18. Nf5 Bxf5 19. exf5 Ba5 20. Rf1 Bxd2 21. Qxd2 Qb6 22. Bf2 c5 23. h4 Nd5 24. Rae1 Nf4 25. Bg3 Qd6 26. Re4 f6 27. Rfe1 Red8 28. Bxf4 exf4 29. Qxf4 Ne5 30. g5 Kh7 31. Qg3 Rg8 32. f4 Nd7 33. Qg4 fxg5 34. hxg5 Nf8 35. f6 gxf6 36. Re7+ Kh8 37. Qh5 fxg5 38. R1e6 Qxe6 39. Rxe6 1-0

[Event "30th Klatovy B 2024"]
[Site "Klatovy CZE"]
[Date "2024.07.03"]
[Round "5.18"]
[White "Vo, Daniel"]
[Black "Trejbal, Jindrich 2014"]
[Result "1/2-1/2"]
[WhiteElo "1705"]
[BlackElo "1671"]
[PlyCount "59"]
[EventDate "2024.06.29"]
[EventType "swiss"]
[EventRounds "9"]
[EventCountry "CZE"]

1. e4 e5 2. Nf3 Nf6 3. Nxe5 d6 4. Nf3 Nxe4 5. d4 d5 6. Bd3 Bd6 7. O-O O-O 8. c4 c6 9. Nc3 Nxc3 10. bxc3 dxc4 11. Bxc4 Bf5 12. Bg5 Qc7 13. Re1 Nd7 14. Ne5 Nxe5 15. dxe5 Bxe5 16. Qf3 Bg6 17. h4 h6 18. h5 Bh7 19. Bh4 b5 20. Bb3 b4 21. Re2 Bxc3 22. Re7 Qb6 23. Rxf7 Rxf7 24. Qxf7+ Kh8 25. Rd1 Bg8 26. Qg6 Bxb3 27. axb3 Qb7 28. Qe6 Qc8 29. Rd7 Qe8 30. Qxc6 1/2-1/2

[Event "30th Klatovy B 2024"]
[Site "Klatovy CZE"]
[Date "2024.07.03"]
[Round "5.19"]
[White "Zbanek, Jan"]
[Black "Mascak, Milan"]
[Result "0-1"]
[WhiteElo "1775"]
[BlackElo "1662"]
[PlyCount "138"]
[EventDate "2024.06.29"]
[EventType "swiss"]
[EventRounds "9"]
[EventCountry "CZE"]

1. e4 b6 2. Nc3 Bb7 3. d4 e6 4. Be3 Ne7 5. Qd2 d6 6. O-O-O Nd7 7. d5 e5 8. Bd3 Ng6 9. f3 a6 10. g3 h5 11. h4 b5 12. Nh3 c5 13. dxc6 Bxc6 14. Nd5 Ne7 15. Nxe7 Bxe7 16. Bf1 Rc8 17. Ng5 Nf6 18. Bh3 Bd7 19. Bxd7+ Qxd7 20. Qa5 Qc6 21. Rh2 O-O 22. Rd3 Qb7 23. Qb6 Qd7 24. Qa5 Rc6 25. Rc3 Rfc8 26. Rxc6 Rxc6 27. Kb1 Qc8 28. Qd2 Bd8 29. Nh3 a5 30. Ng1 b4 31. Ne2 Nh7 32. Nc1 Nf8 33. Qd5 Ne6 34. Rd2 a4 35. Nd3 Qb7 36. Nxb4 Rc7 37. Qxb7 Rxb7 38. Nd5 Ba5 39. Rd3 Be1 40. Nc3 Bxg3 41. Nxa4 Bxh4 42. Rxd6 Be7 43. Rb6 Rd7 44. c4 g5 45. c5 Rd3 46. Rb3 Rxb3 47. axb3 h4 48. b4 h3 49. Bg1 Nd4 50. c6 Nxc6 51. b5 Nd4 52. Bh2 Nxf3 53. Bg3 h2 54. Bxh2 Nxh2 55. b6 Bd6 56. b7 g4 57. Nc3 g3 58. Ne2 g2 59. Kc2 Nf3 60. Kc3 g1=Q 61. Nxg1 Nxg1 62. Kc4 Nf3 63. Kd5 Bb8 64. b4 Nd4 65. Kc5 Kg7 66. b5 Kg6 67. b6 Kg5 68. Kc4 Kf4 69. Kd5 Ke3 0-1

[Event "30th Klatovy B 2024"]
[Site "Klatovy CZE"]
[Date "2024.07.03"]
[Round "5.20"]
[White "Studnicka, Ondrej"]
[Black "Zelenka, Tomas"]
[Result "1/2-1/2"]
[WhiteElo "1748"]
[BlackElo "1575"]
[PlyCount "97"]
[EventDate "2024.06.29"]
[EventType "swiss"]
[EventRounds "9"]
[EventCountry "CZE"]

1. e4 c5 2. Nf3 g6 3. d4 cxd4 4. Nxd4 Bg7 5. Nc3 Nc6 6. Be3 Nf6 7. Bc4 Qa5 8. O-O O-O 9. Bb3 Qb4 10. a3 Qa5 11. f3 b6 12. Qd2 Bb7 13. Rad1 Rac8 14. Ndb5 Ba6 15. Bc4 Bxb5 16. Bxb5 a6 17. Be2 b5 18. f4 d6 19. Bf3 Rfd8 20. Qf2 Nd7 21. e5 b4 22. Bxc6 bxc3 23. Bxd7 Rxd7 24. b3 d5 25. Bd4 f6 26. Qe2 Rf8 27. exf6 exf6 28. Qe6+ Rff7 29. Qe8+ Bf8 30. Bxf6 Qxa3 31. Ra1 Qd6 32. Be5 Qb6+ 33. Kh1 d4 34. Qc8 Qb5 35. Qxa6 Qxa6 36. Rxa6 d3 37. cxd3 Rxd3 38. Rc6 Rb7 39. Rxc3 Rxc3 40. Bxc3 Rxb3 41. Be5 Kf7 42. h3 Ke6 43. Rd1 g5 44. Re1 gxf4 45. Bg7+ Kf7 46. Bxf8 Kxf8 47. Re4 Rb1+ 48. Kh2 Rf1 49. h4 1/2-1/2

[Event "30th Klatovy B 2024"]
[Site "Klatovy CZE"]
[Date "2024.07.03"]
[Round "5.21"]
[White "Stegner, Mathias 2007"]
[Black "Tejnor, Martin"]
[Result "1-0"]
[WhiteElo "1566"]
[BlackElo "1732"]
[PlyCount "103"]
[EventDate "2024.06.29"]
[EventType "swiss"]
[EventRounds "9"]
[EventCountry "CZE"]

1. d4 Nf6 2. g3 g6 3. Bg2 Bg7 4. Bg5 O-O 5. Bxf6 Bxf6 6. c3 d5 7. Nf3 Bf5 8. Nbd2 c6 9. O-O Nd7 10. Re1 Re8 11. e4 dxe4 12. Nxe4 Bg7 13. Nh4 Bxe4 14. Rxe4 Nf6 15. Re2 Qc7 16. Qb3 Rad8 17. Rae1 e6 18. Nf3 Nd5 19. Ne5 Qb6 20. Bxd5 exd5 21. Qxb6 axb6 22. Kf1 Bxe5 23. Rxe5 Kf8 24. Kg2 Rxe5 25. Rxe5 f6 26. Re2 Kf7 27. f4 Ra8 28. a3 f5 29. Re5 b5 30. Kf3 h5 31. h3 Rh8 32. h4 Ra8 33. Ke3 Ra7 34. Kd3 Ra6 35. Kc2 Ra7 36. Kb3 Ra6 37. Kb4 b6 38. Kb3 Ra7 39. Kc2 Ra6 40. Kb3 Ra7 41. Re1 Re7 42. Rxe7+ Kxe7 43. a4 bxa4+ 44. Kxa4 Kd6 45. b4 b5+ 46. Ka5 Kc7 47. Ka6 Kd6 48. Kb6 Kd7 49. Kb7 Kd6 50. Kc8 Ke6 51. Kc7 Ke7 52. Kxc6 1-0

[Event "30th Klatovy B 2024"]
[Site "Klatovy CZE"]
[Date "2024.07.03"]
[Round "5.22"]
[White "Souralova, Jana"]
[Black "Mlynek, Jakub"]
[Result "0-1"]
[WhiteElo "1557"]
[BlackElo "1694"]
[PlyCount "82"]
[EventDate "2024.06.29"]
[EventType "swiss"]
[EventRounds "9"]
[EventCountry "CZE"]

1. e4 c6 2. d4 d5 3. exd5 cxd5 4. Bd3 Nf6 5. h3 Nc6 6. c3 g6 7. Nf3 Bf5 8. O-O Bg7 9. Re1 O-O 10. Qc2 e6 11. Nbd2 Qc7 12. Nf1 Nb4 13. cxb4 Qxc2 14. Bxc2 Bxc2 15. Bd2 Be4 16. Re3 Bxf3 17. Rxf3 Ne4 18. Bc3 Rfc8 19. Rc1 Bxd4 20. Ng3 Bxf2+ 21. Rxf2 Nxg3 22. Rfc2 Rc4 23. Kh2 Ne4 24. Be5 Rac8 25. Rxc4 Rxc4 26. Rxc4 dxc4 27. Kg1 f6 28. Bd4 a6 29. Kf1 e5 30. Bb6 c3 31. bxc3 Nxc3 32. a3 f5 33. Kf2 Kf7 34. Bc7 Nb5 35. Bxe5 Nxa3 36. Ke2 Ke6 37. Bg7 Kd5 38. Kd3 Nc4 39. Bf6 Ne5+ 40. Ke3 Nc6 41. Bc3 Kc4 0-1

[Event "30th Klatovy B 2024"]
[Site "Klatovy CZE"]
[Date "2024.07.03"]
[Round "5.23"]
[White "Stanke, Petr"]
[Black "Strihavka, Petr"]
[Result "1-0"]
[WhiteElo "1683"]
[BlackElo "1518"]
[PlyCount "93"]
[EventDate "2024.06.29"]
[EventType "swiss"]
[EventRounds "9"]
[EventCountry "CZE"]

1. d4 d5 2. c4 e6 3. Nf3 Nf6 4. Bg5 Be7 5. Nc3 O-O 6. e3 b6 7. Qc2 Bb7 8. cxd5 Nxd5 9. Bxe7 Qxe7 10. Be2 Nd7 11. O-O c5 12. Rfd1 Rac8 13. Rac1 N7f6 14. Nxd5 Nxd5 15. Qd2 Rfd8 16. e4 Nb4 17. a3 Nc6 18. d5 exd5 19. exd5 Nd4 20. Bc4 b5 21. Nxd4 bxc4 22. Nf5 Qe4 23. Ne3 f5 24. Nxc4 Qxd5 25. Qxd5+ Bxd5 26. Ne3 Be4 27. Rxd8+ Rxd8 28. Rd1 Rb8 29. f3 Bc6 30. Nxf5 Kf7 31. Rc1 Kf6 32. Rxc5 Rxb2 33. Rxc6+ Kxf5 34. Rc7 Kf4 35. Rxg7 Ke3 36. Re7+ Kf4 37. Re4+ Kf5 38. Ra4 Rb7 39. Kf2 Re7 40. Re4 Rb7 41. g4+ Kg5 42. Kg3 Rb1 43. h4+ Kg6 44. Re7 Rg1+ 45. Kf4 Rh1 46. h5+ Kh6 47. g5+ 1-0

[Event "30th Klatovy B 2024"]
[Site "Klatovy CZE"]
[Date "2024.07.03"]
[Round "5.24"]
[White "Koutecky, Vaclav 2014"]
[Black "Vrzal, Vaclav"]
[Result "0-1"]
[WhiteElo "1514"]
[BlackElo "1682"]
[PlyCount "84"]
[EventDate "2024.06.29"]
[EventType "swiss"]
[EventRounds "9"]
[EventCountry "CZE"]

1. e4 c6 2. Nc3 d5 3. Qf3 dxe4 4. Nxe4 Nf6 5. Bc4 Nbd7 6. d4 e6 7. Bg5 Be7 8. Nxf6+ Nxf6 9. O-O-O O-O 10. Ne2 b5 11. Bd3 Nd5 12. Bxe7 Qxe7 13. h4 a5 14. Nf4 b4 15. Nxd5 cxd5 16. Qh5 h6 17. Rh3 Ba6 18. g4 f5 19. g5 Qf7 20. Qf3 h5 21. Rg1 g6 22. Qe2 Bxd3 23. Rxd3 Qd7 24. Re1 Kf7 25. Qe5 Qe7 26. Rde3 Rfe8 27. Rf3 Rac8 28. a3 Rc6 29. a4 Rec8 30. Re2 Rc4 31. Rb3 Kg8 32. Qxe6+ Qxe6 33. Rxe6 Rxc2+ 34. Kb1 Kf7 35. Rf6+ Kg7 36. Re3 Rxf2 37. Re7+ Kh8 38. Rxg6 b3 39. Re1 Rcc2 40. Rh6+ Kg7 41. Re7+ Kf8 42. Rc7 Rf1# 0-1